000 00304nam a22001337a 4500
008 170504b xxu||||| |||| 00| 0 eng d
020 _a8800027534586
041 _aeng
080 _25 ED
_a34
100 _a13
101 _aSHJ
245 _aTHE LEGAL WRITING HANDBOOK
_cOATES.K.C
942 _2udc
_cBK
999 _c12613
_d12613